Normal view MARC view
  • Duffy, Carol Ann

Entry Nombre Personal

Number of records used in: 2

001 - NUMERO DE CONTROL

  • campo de control: 36106

003 - IDENTIFICADOR DE NUMERO DE CONTROL

  • campo de control: DLC

005 - FECHA Y HORA DE LA ÜLTIMA TRANSACCIÓN

  • campo de control: 20230228085643.0

008 - DATOS DE LONGITUD FIJA

  • campo de control de longitud fija: 870402n| azannaabn |n aaa c

010 ## - NÚMERO DE CONTROL DE LA BIBLIOTECA DEL CONGRESO

  • Número de control LC: n 86014747

035 ## - NUMERO DE CONTROL

  • Número de control: (OCoLC)oca01824446

035 ## - NUMERO DE CONTROL

  • Número de control: (Uk)001722145

040 ## - FUENTE DE CATALOGACIÓN

  • Agencia original de catalogación: CU-S
  • Lenguaje de catalogación: eng
  • Description conventions: rda
  • Agencia de transcripción: DLC
  • Agencia que lo modifica: TNJ
  • Agencia que lo modifica: OCoLC
  • Agencia que lo modifica: DLC
  • Agencia que lo modifica: Uk
  • Agencia que lo modifica: DLC
  • Agencia que lo modifica: MX-MxUPN

046 ## - FECHAS CON CODIFICACIÓN ESPECIAL

  • Fecha de nacimiento: 1955
  • Fuente del formato de fecha: edtf

053 #0 - NÚMERO DE CLASIFICACIÓN LC

  • Número de clasificación elemento-número único o número inicial de tramo: PR6054.U38

100 1# - ENCABEZAMIENTO - NOMBRE PERSONAL

  • Nombre personal: Duffy, Carol Ann

370 ## - LUGAR ASOCIADO

  • Place of birth: Glasgow (Scotland)
  • Fuente del término: naf

372 ## - CAMPO DE ACTIVIDAD

  • Field of activity: Poesía

374 ## - OCUPACIÓN

  • Occupation: Poeta

377 ## - LENGUA ASOCIADA

  • Language code: eng

670 ## - FUENTE EN LA QUE SE LOCALIZARON DATOS

  • Cita de la fuente: Standing female nude, 1985:
  • Información localizada: portada (Carol Ann Duffy) contracubierta (b. Glasgow, 1955)

670 ## - FUENTE EN LA QUE SE LOCALIZARON DATOS

  • Cita de la fuente: LC in OCLC, 3-23-87
  • Información localizada: (hdg.: Duffy, Carol Ann)

670 ## - FUENTE EN LA QUE SE LOCALIZARON DATOS

  • Cita de la fuente: ALCS database, 22 Mar. 2005
  • Información localizada: (born 23 Dec. 1955)

670 ## - FUENTE EN LA QUE SE LOCALIZARON DATOS

  • Cita de la fuente: La ladrona de lágrimas, 2010:
  • Información localizada: portada (Carol Ann Duffy)

902 ## - CATALOGADOR

  • Catalogador: Víctor Ruiz/280223